00837 2200301 4500001002100000005001500021007000300036008004100039035002000080040001600100041000800116082000800124084001400132090002200146100002800168245008000196250001200276264004600288300003200334336002100366337003000387338002300417504002400440650001500464850001000479990002300489990002300512INLIS00000000000772120260601082917ta260601 0  a0010-0922000210 aSBUPADbInd17aInd a631 a631 KOE s a631.3 LAR k L18-70 aKoes IriantoePengarang1 aSukses Beragrobisnis Buah Pepaya Dan Jeruk Unggul Indonesia /cKoes Irianto a.-Cet.1 a.--Bandung :bCV Daya Cipta Unggul,c2007 av, 70 hlm :billus ;c21 cm 2rdacontentateks 2rdamediaatanpa perantara 2rdacarrieravolume aBibliografi, hlm 70 4aAgribisnis aPUPAD a9441/H/KAPD-PDG/09 a9443/H/KAPD-PDG/09